Normal view MARC view
  • Raup, M. David.

Entry Personal Name

Number of records used in: 3

001 - CONTROL NUMBER

  • control field: 2427

003 - CONTROL NUMBER IDENTIFIER

  • control field: NUST

005 - DATE AND TIME OF LATEST TRANSACTION

  • control field: 20170612105621.0

008 - FIXED-LENGTH DATA ELEMENTS

  • fixed length control field: 170612|| aca||aabn | a|a d

040 ## - CATALOGING SOURCE

  • Original cataloging agency: NUST
  • Transcribing agency: NUST

100 ## - HEADING--PERSONAL NAME

  • Personal name: Raup, M. David.

670 ## - SOURCE DATA FOUND

  • Source citation: Work cat.: (NUST)0: Raup, M. David., Principles of Paleontology, 2004.
© 2023 Central Library, National University of Sciences and Technology. All Rights Reserved.